| 000 | 00622nam a22001937a 4500 | ||
|---|---|---|---|
| 003 | OSt | ||
| 005 | 20260112022632.0 | ||
| 008 | 260112b |||||||| |||| 00| 0 eng d | ||
| 020 | _a0695278509 | ||
| 040 |
_aDWCL - Main Lib _cOC |
||
| 082 | _aCirc. 372.83 G7 1980 | ||
| 100 |
_aGross, Herbert H. _eAuthor |
||
| 245 |
_aExploring Our World : _bThe Americas Classification / _cHerbert H. Gross |
||
| 260 |
_aU.S.A.: _bFollett Publishing Company, _cc1980 |
||
| 300 |
_a479 p.: _bill.; _c26 cm. |
||
| 504 | _aIncludes Appendix Includes Glossary Includes Index | ||
| 650 | _a1. Social Studies. | ||
| 942 |
_2ddc _cBK-CIRC _n0 |
||
| 999 |
_c7260 _d7260 |
||